| 000 | 00800cam a22002414a 4500 | ||
|---|---|---|---|
| 003 | OSt | ||
| 005 | 20140310182529.0 | ||
| 008 | 061130s2008 cauab b 001 0 eng | ||
| 020 | _a9780534466695 | ||
| 020 | _a0534466699 | ||
| 050 | 0 | 0 |
_aQK 47 _b.B493 2008 |
| 100 | 1 |
_aBerg, Linda R. _97698 |
|
| 245 | 1 | 0 |
_aIntroductory botany : _bplants, people, and the environment / _cLinda R. Berg. |
| 250 | _a2nd ed. | ||
| 260 |
_aBelmont, CA : _bThomson Brooks/Cole, _cc2008. |
||
| 300 |
_a622 p. : _bcol. ill. ; _c28 cm. |
||
| 562 | _e | ||
| 650 | 0 |
_aBotany. _97699 |
|
| 856 | 4 | 1 |
_3Table of contents only _uhttp://www.loc.gov/catdir/toc/fy0714/2006939406.html |
| 856 | 4 | 2 |
_3Publisher description _uhttp://www.loc.gov/catdir/enhancements/fy1104/2006939406-d.html |
| 942 |
_2lcc _cSSLC |
||
| 999 |
_c14117 _d14117 |
||